| 000 | 00586na a2200217 4500 | ||
|---|---|---|---|
| 001 | 19194 | ||
| 003 | MIRAKIL | ||
| 005 | 20181213154926.0 | ||
| 008 | 170116b tu 000 0 | ||
| 040 |
_aMilas _btur _cTR-AnCHP |
||
| 041 | _atur | ||
| 082 |
_a610.613 _bK48h 2008 |
||
| 090 | _a610.613 K48h 2008 | ||
| 100 | _aKıvanç, Meral Madenoğlu | ||
| 245 |
_aHemşireliğe bakış _cMeral Madenoğlu Kıvanç |
||
| 260 |
_aİstanbul _bİlgi Yayınları _c2008 |
||
| 300 |
_a60 s. _c20 sm. |
||
| 650 |
_aSağlık _zTürkiye |
||
| 650 |
_aHemşirelik _zTürkiye |
||
| 942 |
_2ddc _cBKS |
||
| 999 |
_c3273 _d3273 |
||